| 000 | 00927nam a22002777a 4500 | ||
|---|---|---|---|
| 001 | 9285 | ||
| 003 | FISKH | ||
| 005 | 20251209095702.0 | ||
| 008 | 251209b cb ||||| |||| 00| 0 eng d | ||
| 020 | _a9788956354149 | ||
| 040 |
_aFISKH _beng _cFISKH _dFISKH |
||
| 050 | _aPZ7 | ||
| 082 | _a398.2 | ||
| 100 |
_aRansome, Arthur _eAuthor |
||
| 245 |
_aThe fire-bird and the princess Vasilissa / _cArthur Ransome ; Series editor : Jason Wilburn |
||
| 260 |
_aSeoul : _bXACT , _c2009 |
||
| 300 |
_a34 pages : _bcolor illustrations ; _c21 cm |
||
| 490 |
_aMy first classic readers : _vLevel 4-13 |
||
| 505 | _aP | ||
| 520 | _aA brave soldier finds a feather from the magical fire-bird. He is warned to leave it there, but he takes it anyway. To what trouble does this lead? | ||
| 521 | 8 |
_a650
_bLexile estimate |
|
| 521 | 8 |
_aP
_bRaz-Plus |
|
| 650 |
_aMagical fire-bird _vSoldier |
||
| 942 |
_2ddc _cBK _n0 |
||
| 999 |
_c9285 _d9285 |
||